000 00562nam a2200217 a 4500
999 _c4831
_d4831
001 4831
003 BD-JhCC
005 20171204085901.0
008 171204s19501962e |||| || | 000 0 eng d
035 _a(BD-JhCC)4831
040 _aBD-JhCC
_dBD-JhCC
041 _aeng
082 _a428
_bBRI 1962
100 _aBright, J. A.
245 _aPrecis Practice for Overseas Students /
_cJ. A. Bright,
260 _aLondon :
_bLongmans, Green and Co Ltd,
_c1962.
300 _a119 p. :
_c18 cm.
650 _aEnglish Language
942 _2ddc
_cBK